000 00679nam a2200289Ia 4500
005 20260324135245.0
008 008 260324s9999 xx 000 0 eng d
020 _a9780429153327
037 _aEBOOK
040 _aCRL
040 _beng
040 _cCRL
041 _2eng
041 _aeng
084 _qCRL
100 _aClaire Simons
_91199928
245 0 _aNucleoside Mimetics
245 0 _bTheir Chemistry and Biological Properties
260 _bTaylor and Francis
260 _c2000
365 _a
365 _b225
856 _uhttp://www.taylorfrancis.com/books/9780429153327
942 _cEBOOK
999 _c1800805
_d1800805